000 00918nmc a2200313 a 4500
003 AR-BaBNM
005 20251128210127.0
008 011101s1993 ||||||||||||||000 | spa||
020 _a950-506-226-5
040 _cAR-BaBNM
100 1 _aArambel-Güiñazú, María Cristina
245 1 0 _aLa escritura de Victoria Ocampo
_bmemorias, seducción, "collage"
250 _a1ª ed.
260 _aBuenos Aires
_bEdicial
_c1993
300 0 _a181 p.
490 0 _aEdicial universidad. Lengua - Lingüística - Comunicación
500 0 _aContiene referencias bibliográficas en p. 163
650 4 _aCRITICA LITERARIA
650 4 _aLITERATURA ARGENTINA
650 4 _aESCRITORES
650 4 _aVIDA LITERARIA
650 4 _aBIOGRAFIAS
650 4 _aLITERATURA CONTEMPORANEA
650 4 _aANALISIS LITERARIO
655 _aLITERATURA
800 1 _aArnoux, Elvira
_edirector
942 _cBK
998 _cMARTIN
999 _c14156
_d14156